Famous English People A-Z - Statistics

General Stats
  • This quiz has been taken 151 times
  • The average score is 12 of 24
Answer Stats
Picture Answer % Correct
Stephen Hawking
88%
Charles Darwin
86%
Margaret Thatcher
86%
Theresa May
86%
Rowan Atkinson
85%
Winston Churchill
84%
Queen Elizabeth I
81%
Horatio Nelson
76%
J.K. Rowling
73%
Lady Godiva
57%
William Shakespeare
53%
Mick Jagger
52%
T.E. Lawrence
51%
Guy Fawkes
50%
Jeremy Irons
50%
Julie Walters
34%
Peter Ustinov
34%
Paul Young
26%
John Prescott
24%
Michael Vaughan
19%
Rudyard Kipling
17%
Edward Elgar
6%
Isambard Brunel
5%
Laurence Olivier
5%
No matching quizzes found
Score Distribution
Percent of People with Each Score
Percentile by Number Answered
Your Score History
You have not taken this quiz